Management accounting: (Record no. 163400)

MARC details
000 -LEADER
fixed length control field 00578nam a22001817a 4500
005 - DATE AND TIME OF LATEST TRANSACTION
control field 20190412173244.0
010 ## - LCCN (DPL NO)
LC control number B-026925
020 ## - INTERNATIONAL STANDARD BOOK NUMBER
International Standard Book Number 0074636561
035 ## - SYSTEM CONTROL NUMBER
System control number B-026925
037 ## - SOURCE OF ACQUISITION
Source of stock number/acquisition Tata McGraw-Hill Publishing Company Ltd.
082 ## - DEWEY DECIMAL CLASSIFICATION NUMBER
Classification number 658.1511
100 ## - MAIN ENTRY--PERSONAL NAME
Personal name Khan, M.Y.
245 ## - TITLE STATEMENT
Title Management accounting:
Remainder of title third edition /
Statement of responsibility, etc M. Y. Khan {and} P.K. Jain
260 ## - PUBLICATION, DISTRIBUTION, ETC. (IMPRINT)
Place of publication, distribution, etc New Delhi
Name of publisher, distributor, etc Tata McGraw-Hill Publishing Company Ltd.
Date of publication, distribution, etc 2000
300 ## - PHYSICAL DESCRIPTION
Extent Varying pages (it include index)
Dimensions 24cm(hbk)
700 ## - ADDED ENTRY--PERSONAL NAME
Personal name Jain, P. K.
942 ## - ADDED ENTRY ELEMENTS (KOHA)
Source of classification or shelving scheme Dewey Decimal Classification
Item type English Books
Classification part 658.1511
Call number suffix KHA
Holdings
Withdrawn status Lost status Not for loan Collection code Home library Current library Date acquired Full call number Barcode Koha item type
      Non-fiction Sarojini Nagar Sarojini Nagar 12/04/2019 658.1511 KHA B-026925 English Books

© Delhi Public Library
Hit Counter
free hit counter